000
00462nam a2200145Ia 4500
008
100204s9999 xx 000 0 und d
082
_b
7108
100
_a
दातार छाया
245
_a
मी तरुणी
260
_b
"ग्रंथाली वाचक चळवळ , मुंबई - कुर्ला"
_c
1985 2
300
_a
15+140
630
_a
मी तरुणी
730
_a
मी तरुणी
942
_c
BOOK
999
_c
451545
_d
451542